1913 1013 1741 1435 1283 1015 1332 1597 1519 1744 1721 1942 1130 1840 1792 1911 1081 1036 1400 1044 1434 1210 1356 1546 1985 1467 1901 1413 1474 1393 1573 1971 1229 1477 1479 1313 1581 1680 1331 1812 1516 1020 1688 1447 1686 1429 1144 1913 1407 1002 1912 1799 1839 1430 1704 1486 1521 1636 1941 1371 1924 1886 1199 1440 1188 1492 1758 1593 1770 1767 1265 1693 1761 1996 1413 1329 1166 1403 1013 1973 1286 1302 1756 1640 1919 2000 1661 1969 1021 1123 1330 1771 1668 1863 1017 1884 1301 1346 1082 BCNSPRNW ULIB Ver.6.0+V

เปลี่ยนเป็นภาษาไทย

Change to English
 แสดงรายละเอียดบรรณานุกรม
  กลับหน้าหลัก

Brief Record : Get Marc (ISO 2709) : E-mail record : QR code < ปิดหน้าต่าง
LEADER : 00000nam 2200000uu 4500
001    13399113747
003     ULIB
008    111221s2543||||th 000 0 tha d
020    ^a9742990603
060 04 ^aWA390^bส181ฝ 2543
245 00 ^aฝ่าวิกฤตสุขภาพ /^cสำนักงานปฏิรูประบบสุขภาพแห่งชาติ
250    ^aพิมพ์ครั้งที่ 1
260    ^aกรุงเทพฯ :^bสถาบันวิจัยระบบสาธารณสุข,^c2543
300    ^a168 หน้า ;^c21 ซม.
650  7 ^aสุขภาพ^vการประชุม
650  7 ^aสาธารณสุข^vการประชุม
650  7 ^aการปฏิรูระบบบริการสาธารณสุข^vการประชุม
700 0  ^aอำพล จินดาวัฒนะ,^eบรรณาธิการ
710 2  ^aสถาบันวิจัยระบบสาธารณสุข
945    ^p0^l0^i12424
945    ^p0^l0^i12425
945    ^p0^l0^i12426
945    ^p0^l0^i12423
945    ^p0^l0^i12422
995    ^aกัณชพร
999 ^a ใช้งานได้ทุกระบบ
รายการนี้ยังไม่มีแท็ก
คุณยังไม่ได้ล็อกอิน คุณสามารถมีกิจกรรมร่วมกับเว็บไซต์ได้ แต่ต้องล็อกอินก่อน ::
  ล็อกอิน

รายการสื่อสารสนเทศ

ลำดับที่ ประเภท เลขเรียก/บาร์โค้ด สถานที่ สถานะ
- ไม่พบข้อมูล -

BibComment


ยังไม่เคยถูกคอมเมนท์

คอมเมนท์ทรัพยากรรายการนี้
  คอมเมนท์: ฝ่าวิกฤตสุขภาพ ..


 Copyright 2026. Bcnsprnw @Library